01348nam a2200265 a 4500001001000000003000900010005001700019007000300036008004100039040002500080049000900105100003500114245030800149246011800457260003300575300003400608504003200642590002600674700004500700942001400745952010000759952010000859952010600959999001701065000035980DO-SdBNP20220328112116.0ta111121s2003 dr ac 000 0 spa d aDO-SdBNPbspacBNPHU aBNPD1 aLópez Belando, Adolfo96201013aEl arte en la penumbra :bpictografías y petroglifos en las cavernas del Parque Nacional del Este, República Dominicana = Art in th shadows : pictographs and petroglyphs in the caves of the National Park of the East Dominican Republic /cAdolfo López Belando ; [traducción Donna Hics de Pérez.13aArt in th shadows :bpictographs and petroglyphs in the caves of the National Park of the East Dominican Republic aSanto Domingo :bBHD,c2003. a359 p. :bil., map. ;c30 cm. aBibliografía : p. 352-359 aInventariado, 2022/BT1 aHics de Pérez, Donna Hics,etr.962011 2ddccLBS1 00102ddc56708DSaBNPHUbBNPHUcHDd2019-03-29l0o p35980-30r2020-06-25w2020-06-25yLBS1 00102ddc53708PDaBNPHUbBNPHUcHDd2011-11-21l0o p35980-10r2020-06-25w2020-06-25yLBS1 00102ddc53708PDaBNPHUbBNPHUcHDd2013-12-02l0o p35980-20r2020-06-25te. 2w2020-06-25yLBS1 c35471d35471